Datum a čas kvízu
26
Celkem bodů
Celkový počet nahraných bodů na tomto kvízu bez doplňovacích otázek.
9.
Pořadí na kvízu
Konečné umístění týmu na tomto kvízu.
Zaznamenané odpovědi
| # | Otázka | Odpověď | Body | Výsledky |
|---|---|---|---|---|
| 1. | Vláda ve středu večer slavnost... | začátek II. světové války – 1938 místo 1939 | 0 | |
| 2. | Federální soud USA propustil n... | Ronalda Reagana | 0 | |
| 3. | Andrej Babiš navštívil festiva... | Mirai | 0 | |
| 4. | Společnost Apple následovala m... | Ulož.to | 0 | |
| 5. | Český svaz ledního hokeje má o... | Alois Hadamczik | 1 | |
| 6. | V následujících pěti otázkách... | Uprchlík; Harrison Ford, Tommy Lee Jones | 0.5 | |
| 7. | Pokračujeme snímkem Pulp Ficti... | 1A 2C 3D 4B | 0 | |
| 8. | V roce 2013 byl natočen životo... | James Hunt, Niki Lauda | 1 | |
| 9. | Ve dvou na sebe navazujících k... | Kamila Magálová, Oldřich Kaiser | 0.5 | |
| 10. | Přiřaďte k sobě herecké předst... | 1B 2A 3D 4C | 0 |